000 00609nam a2200241Ia 4500
008 160216s9999 xx 000 0 und d
020 _a0-7360-4409-4
050 _aMAIN GV 443
050 _b.K64 2004
100 _aKogan, Sheila
245 _aStep by step :
245 _ba complete movement education curriculum /
245 _cSheila Kogan.
250 _a2nd Edition
260 _aUSA :
260 _bJhuman kinetics.
260 _c2004
300 _a325 pages :
300 _bill. ;
300 _c28 cm.
650 _aMovement education.
650 _aPhysical education for children.
999 _c290866
_d290866